Science Quiz

Random Science or Clickable Quiz

Element Symbols Minefield Quiz Stats

 Plays Quiz Updated Nov 16, 2015

Challenge
Share
Tweet
Embed
Score 0/118 Timer 10:00
5 Plays Today
% Correct
???
19.9%
???
19.8%
???
19.6%
???
19.6%
???
19.6%
???
19.6%
???
19.5%
???
19.5%
???
19.4%
???
19.3%
???
19.2%
???
19.2%
???
19.2%
???
19.1%
???
19%
???
19%
???
19%
???
19%
???
18.7%
???
18.7%
???
18.7%
???
18.6%
???
18.5%
???
18.5%
???
18.5%
???
18.2%
???
18.1%
???
18.1%
???
18.1%
???
18%
???
17.9%
???
17.8%
???
17.7%
???
17.7%
???
17.5%
???
17.2%
???
17.1%
???
17%
???
17%
???
16.9%
% Correct
???
16.8%
???
16.8%
???
16.7%
???
16.6%
???
16.4%
???
16%
???
16%
???
15.9%
???
15.6%
???
15.5%
???
15.2%
???
15.2%
???
15.2%
???
15.1%
???
15%
???
14.9%
???
14.8%
???
14.7%
???
14.4%
???
14.4%
???
14.3%
???
14.2%
???
14.1%
???
14%
???
14%
???
13.9%
???
13.8%
???
13.8%
???
13.7%
???
13.6%
???
13.4%
???
13.1%
???
13%
???
12.7%
???
12.7%
???
12.6%
???
12.5%
???
12.4%
???
12.3%
???
12.1%
% Correct
???
11.7%
???
11.6%
???
11.5%
???
11.5%
???
11.2%
???
10.8%
???
10.8%
???
10.8%
???
10.6%
???
10.5%
???
10.4%
???
10.4%
???
10.4%
???
10.2%
???
10.1%
???
10%
???
9.8%
???
9.6%
???
9.6%
???
9.5%
???
9.3%
???
9.3%
???
9.1%
???
8.7%
???
8.7%
???
8.6%
???
8.2%
???
8%
???
8%
???
7.8%
???
7.2%
???
6.5%
???
6.1%
???
5.6%
???
5.3%
???
4.5%
???
4%
???
3.3%

You're not logged in!

Compare scores with friends on all Sporcle quizzes.
OR
Log In

You Might Also Like...

Show Comments

Extras

Top Quizzes Today


Score Distribution

Your Account Isn't Verified!

In order to create a playlist on Sporcle, you need to verify the email address you used during registration. Go to your Sporcle Settings to finish the process.

Report this User

Report this user for behavior that violates our Community Guidelines.

Details: